00968nam a2200265Ia 450000100060000000300080000600500170001400800410003103500240007203500190009604000450011504100080016008200260016810000470019424500950024125000130033626000480034930000210039765000550041865100270047370000330050094200120053399900170054595201400056223205BD-RjUL20211209000914.0140310s1961 enk 000 1 eng d a(OCoLC)ocn153582292 a(BD-RjUL)23270 aYDXCPcYDXCPdBAKERdSINLBdBD-RjULbeng aeng04a853.914222bLAL 19611 aLampedusa, di Giuseppe,d1896-1957.97152514aThe leopard /cGiuseppe di Lampedusa ; translated from the Italian by Archibald Colquhoun. arev. ed. aLondon :bCollins and Harvill Press,c1961. a223 p. ;c21 cm. 0aItalian fictionvTranslations into English.971526 0aItalyvFiction.9616271 aColquhoun, Archibald.971527 2ddccBK c23205d23205 00102ddc40728FICaRUCLbRUCLcReadingd1965-10-14eBlackwell.g16.00l0o853.914 LAL 1961r2014-03-10 00:00:00tC-1w2014-03-10yBK